000 00486nam a2200193 a 4500
003 PILC
005 20150508163839.0
008 100918s19uu xx 00 eng d
020 _a9780439709101
020 _a0439709105
050 _aPZ 7
_b.F96624In 2003
100 _aFunke, Cornelia.
245 _aInkheart /
_cCornelia Funke.
260 _aNew York :
_bScholastic Inc,
_c2003.
300 _a563 pages :
_c20 cm.
650 _aFiction.
942 _cBK
_2lcc
999 _c283920
_d283920